| 000 | 00490nam a22001697a 4500 | ||
|---|---|---|---|
| 003 | BD-ChCU | ||
| 005 | 20251204110823.0 | ||
| 008 | 251204b bg ||||| |||| 00| 0 ben d | ||
| 040 | _cBD-ChCU | ||
| 082 | _a320.92 LIS | ||
| 100 |
_aStearn , Gerald Emanuel . _917496 |
||
| 245 |
_aThe essential LIncoln : _bSelected writings . _cGerald Emanuel , Stearn . |
||
| 260 |
_aNew York : _bCollier books , _cC 1962 |
||
| 300 | _a476p | ||
| 650 | 0 |
_aLincoln , Abraham . _917497 |
|
| 942 |
_2ddc _cBK _n0 |
||
| 999 |
_c110135 _d110135 |
||